Možnosti optimalizácie štruktúry základných a doplnkových služieb v strediskách cestovného ruchu ŠPEV 906-533-409-03

Saved in:
Bibliographic Details
Format: Book
Language:Slovak
Published: Bratislava VŠE 1985
Tags: Add Tag
No Tags, Be the first to tag this record!

MARC

LEADER 00000nam a2200000 4500
001 c027910
005 20260325103955.7
041 0 |a slo 
044 |a SK 
245 1 0 |a Možnosti optimalizácie štruktúry základných a doplnkových služieb v strediskách cestovného ruchu  |b ŠPEV 906-533-409-03 
264 1 |a Bratislava  |b VŠE  |c 1985 
300 |a 98 s.